旅客运输量最多的中国航空公司 Chinese airlines by passenger traffic - Statistics

General Stats
  • This quiz has been taken 44 times
  • The average score is 9 of 10
Answer Stats
旅客运输量(万人) 公司 % Correct
3514 南方航空
98%
2217 国际航空
98%
2216 东方航空
98%
963 海南航空
93%
1452 厦门航空
91%
1440 四川航空
86%
1361 春秋航空
86%
912 山东航空
79%
1226 深圳航空
67%
735 吉祥航空
67%
No matching quizzes found
Score Distribution
Percent of People with Each Score
Percentile by Number Answered
Your Score History
You have not taken this quiz